00713nam a2200241 a 4500001001300000003000900013005001700022008004100039020002300080082001600103100002300119245003400142260003600176300000900212500003500221505001700256650002600273700002300299902000800322942000700330952011700337999001700454nice12345678IN_TiNIC20260116013751.0050524s1999 newa grp 000 0 eng  a8173042 c19500a934.02bSHA aSharma, Ram Sharan aAdvent of the Aryans in India aNew Delhi bManohar Pub. c1999 a130p aincludes index and biblioraphy2 aBibliography aIndia-Ancient History1 aSharma, Ram Sharan bSRS cBK 001040708StackRoom-aHMIbHMId2007-06-06g195.00l0o934.02 SHAp019355r2007-06-06v195.00w2005-05-24yBK c12389d12389